| 000 | 00353nam a22001457a 4500 | ||
|---|---|---|---|
| 003 | OSt | ||
| 008 | 240112b |||||||| |||| 00| 0 eng d | ||
| 020 | _a9788183481441 | ||
| 082 | _a425 GUP | ||
| 100 | _aGUPTA,SC | ||
| 245 | _aPractical English Grammar and Composition | ||
| 260 |
_aNew Delhi _bArihant Publications |
||
| 300 | _a692 | ||
| 942 |
_2ddc _cBK |
||
| 999 |
_c12163 _d12163 |
||